Мир ротмистра Тоота: фантастический роман

Xehetasun bibliografikoak
Egile nagusia: Свержин В. Владимир
Gaia:Проект Аркадия и Бориса Стругацких
"Офицеры бывшими не бывают" — казалось, уж кому-кому, а потомственному военному Аттайру Тооту не нужно объяснять эту немудреную истину. И все же, после успешного переворота в Столице и падения режима Неизвестных Отцов, один из самых молодых полковников за всю историю Метрополии, офицер с блестящими карьерными перспективами и родной брат самого командующего неожиданно подает в отставку. Вместе с молодой женой и верным упырем Дрымом Тоот едет учительствовать в маленький приморский городок Белла. Кто бы мог знать, что именно это место очень скоро станет ареной для вторжения Островного флота Разве что профессор Рудольф Сикорски, известный на Саракше как Странник, мог бы поведать Атру известную земную поговорку "Если хочешь мира — готовься к войне"...
Hizkuntza:errusiera
Argitaratua: Москва, Астрель, 2012
Saila:Обитаемый остров
Gaiak:
Formatua: MixedMaterials Liburua
KOHA link:https://koha.lib.tpu.ru/cgi-bin/koha/opac-detail.pl?biblionumber=346123

MARC

LEADER 00000nam0a2200000 4500
001 346123
005 20231102005843.0
010 |a 9785271414138 
035 |a (RuTPU)RU\TPU\book\377979 
090 |a 346123 
100 |a 20210604d2012 m y0rusy50 ca 
101 0 |a rus 
102 |a RU 
105 |a y z 000ay 
200 1 |a Мир ротмистра Тоота  |e фантастический роман  |f В. Свержин 
210 |a Москва  |c Астрель  |d 2012 
215 |a 320 с. 
225 1 |a Обитаемый остров 
300 |a Проект Аркадия и Бориса Стругацких 
330 |a "Офицеры бывшими не бывают" — казалось, уж кому-кому, а потомственному военному Аттайру Тооту не нужно объяснять эту немудреную истину. И все же, после успешного переворота в Столице и падения режима Неизвестных Отцов, один из самых молодых полковников за всю историю Метрополии, офицер с блестящими карьерными перспективами и родной брат самого командующего неожиданно подает в отставку. Вместе с молодой женой и верным упырем Дрымом Тоот едет учительствовать в маленький приморский городок Белла. Кто бы мог знать, что именно это место очень скоро станет ареной для вторжения Островного флота Разве что профессор Рудольф Сикорски, известный на Саракше как Странник, мог бы поведать Атру известную земную поговорку "Если хочешь мира — готовься к войне"... 
606 1 |a Русская литература современная  |2 stltpush  |3 (RuTPU)RU\TPU\subj\26373  |9 50316 
610 1 |a художественная литература 
610 1 |a фантастика 
610 1 |a приключения 
610 1 |a романы 
675 |a Р2  |v 4 
700 1 |a Свержин  |b В.  |g Владимир 
801 1 |a RU  |b 63413507  |c 20210604 
801 2 |a RU  |b 63413507  |c 20210708  |g RCR 
942 |c BK